<?xml version="1.0" encoding="UTF-8"?>
<record
    xmlns:xsi="http://www.w3.org/2001/XMLSchema-instance"
    xsi:schemaLocation="http://www.loc.gov/MARC21/slim http://www.loc.gov/standards/marcxml/schema/MARC21slim.xsd"
    xmlns="http://www.loc.gov/MARC21/slim">

  <leader>01093nam a2200181Ia 4500</leader>
  <controlfield tag="008">121028s9999    xx            000 0 und d</controlfield>
  <datafield tag="020" ind1=" " ind2=" ">
    <subfield code="a">968-24-4353-9</subfield>
  </datafield>
  <datafield tag="050" ind1=" " ind2=" ">
    <subfield code="a">BF721 P65 1992</subfield>
  </datafield>
  <datafield tag="100" ind1=" " ind2=" ">
    <subfield code="a">Pomerleau, Andr&#xE9;e</subfield>
  </datafield>
  <datafield tag="245" ind1=" " ind2=" ">
    <subfield code="a">El ni&#xF1;o y su ambiente : un estudio funcional de la primera infancia / Andr&#xE9;e Pomerleau y G&#xE9;rard Malcuit ; tr. H&#xE9;lene Levesque Dion</subfield>
  </datafield>
  <datafield tag="260" ind1=" " ind2=" ">
    <subfield code="a">M&#xE9;xico : Trillas</subfield>
  </datafield>
  <datafield tag="300" ind1=" " ind2=" ">
    <subfield code="a">394 p.</subfield>
  </datafield>
  <datafield tag="440" ind1=" " ind2=" ">
    <subfield code="a">Biblioteca conceptos y t&#xF3;picos en teor&#xED;a de la conducta</subfield>
  </datafield>
  <datafield tag="500" ind1=" " ind2=" ">
    <subfield code="a">Incluye &#xED;ndice onom&#xE1;stico e &#xED;ndice anal&#xED;tico T&#xED;tulo original: L&#xB4;enfant et son environnement. Une &#xE9;lude fonctionnelle de la premi&#xE8;re enfance Bibliograf&#xED;a: p. 319-359</subfield>
  </datafield>
  <datafield tag="505" ind1=" " ind2=" ">
    <subfield code="a">Prefacio Introducci&#xF3;n Primera parte. El organismo humano 1. Competencias b&#xE1;sicas 2. Control y exploraci&#xF3;n del ambiente 3. El proceso de adquisici&#xF3;n 4. Diversidad y variaciones interindividuales Segunda parte. El ambiente 5. Intentos de definici&#xF3;n </subfield>
  </datafield>
  <datafield tag="650" ind1=" " ind2=" ">
    <subfield code="a">Ni&#xF1;o - crecimiento \ 2. Ni&#xF1;o - Psicolog&#xED;a</subfield>
  </datafield>
  <datafield tag="700" ind1=" " ind2=" ">
    <subfield code="a">Malcuit, G&#xE9;rard, coaut. \ II. Levesque Dion, H&#xE9;lene, tr. \ III. t.&#xCC;</subfield>
  </datafield>
  <datafield tag="952" ind1=" " ind2=" ">
    <subfield code="0">0</subfield>
    <subfield code="1">0</subfield>
    <subfield code="4">0</subfield>
    <subfield code="7">0</subfield>
    <subfield code="a">14</subfield>
    <subfield code="b">14</subfield>
    <subfield code="d">2009-02-04</subfield>
    <subfield code="l">3</subfield>
    <subfield code="o">BF721 P65 1992</subfield>
    <subfield code="p">14 001746</subfield>
    <subfield code="r">2017-08-08</subfield>
    <subfield code="s">2017-08-08</subfield>
    <subfield code="t">1</subfield>
    <subfield code="w">2012-10-28</subfield>
    <subfield code="y">LB</subfield>
  </datafield>
  <datafield tag="999" ind1=" " ind2=" ">
    <subfield code="c">84778</subfield>
    <subfield code="d">84778</subfield>
  </datafield>
</record>
